| 000 | 00864nam a2200193Ii 4500 | ||
|---|---|---|---|
| 003 | JO-AjNU | ||
| 008 | 230605s9999||||xx |||||||||||||| ||und|| | ||
| 040 |
_aJO-AjNU _bara _erda _cJO-AjNU |
||
| 041 | _aara | ||
| 050 | 1 | 4 | _aBF727.H3.F3464 |
| 100 | 3 |
_aفضلي،عدنان عباس ، جزراوي،ميري عيسى/اعداد, _eauthor _916775 |
|
| 245 | 0 | 0 | _aدليل الموسوعة المختصرة في علم النفس وطب نفس الأطفال الخاصة بالأطفال المعوقين وبطيئ التعلم |
| 264 | 3 | 1 | _aبغداد:وزارة الثقافة والاعلام دار ثقافة الاطفال، د.ت |
| 300 | _a51ص | ||
| 336 |
_atext _btxt _2rdacontent |
||
| 337 |
_aunmediated _bn _2rdamedia |
||
| 338 |
_avolume _bnc _2rdacarrier |
||
| 650 | 4 |
_aعلم نفس الطفل-دوائر معارف-طب نفس الاطفال _916776 |
|
| 999 |
_aA5046 _c8614 _d8614 |
||